[Event "FICGS W-ch email"]
[Site "FICGS email"]
[Date "2014.05.23"]
[Round "8"]
[White "Van Assche, Jeroen"]
[Black "Riccio, Eros"]
[Result "1/2-1/2"]
[WhiteElo "2447"]
[BlackElo "2547"]
[PlyCount "103"]
[EventDate "2014.??.??"]
[EventType "match (corr)"]
[EventRounds "9"]
[SourceTitle "Corr 2022"]
[Source "ChessBase"]
[SourceDate "2021.10.24"]
[SourceVersion "1"]
[SourceVersionDate "2021.10.24"]
[SourceQuality "1"]

1. d4 d5 2. c4 e6 3. Nf3 Nf6 4. Nc3 c6 5. e3 Nbd7 6. Bd3 dxc4 7. Bxc4 b5 8. Bd3 Bb7 9. 0-0 a6 10. e4 c5 11. d5 Qc7 12. dxe6 fxe6 13. Ng5 Qc6 14. Be2 Be7 15. Qd3 b4 16. Nd1 Nxe4 17. Bh5+ g6 18. Bf3 Bxg5 19. Bxg5 Qd5 20. Bxe4 Qxe4 21. Qh3 Qf5 22. Qg3 0-0 23. Re1 a5 24. h4 Rae8 25. Rc1 Rf7 26. f3 e5 27. Ne3 Qe6 28. Ng4 Kh8 29. Rcd1 h5 30. Nxe5 Nxe5 31. f4 Kh7 32. Rxe5 Qc6 33. Kh2 Rf5 34. Rxe8 Qxe8 35. Re1 Qc6 36. Re7+ Kg8 37. b3 Rf7 38. Re5 Kh7 39. Qf2 c4 40. bxc4 Qxc4 41. Rxa5 Bd5 42. a4 b3 43. Rc5 Qb4 44. Rb5 Qc4 45. Qd2 Bc6 46. Rb6 Qd5 47. Qf2 Rb7 48. Rxb7+ Bxb7 49. Bf6 Qc6 50. Be5 Kg8 51. a5 Kf7 52. Qg3 1/2-1/2

[Event "FICGS W-ch cand fin email"]
[Site "FICGS email"]
[Date "2013.11.22"]
[Round "8"]
[White "Fraczek, Dariusz"]
[Black "Van Assche, Jeroen"]
[Result "1/2-1/2"]
[WhiteElo "2325"]
[BlackElo "2487"]
[PlyCount "89"]
[EventDate "2013.??.??"]
[EventType "match (corr)"]
[EventRounds "8"]
[SourceTitle "Corr 2022"]
[Source "ChessBase"]
[SourceDate "2021.10.24"]
[SourceVersion "1"]
[SourceVersionDate "2021.10.24"]
[SourceQuality "1"]

1. e4 c5 2. Nf3 d6 3. d4 cxd4 4. Nxd4 Nf6 5. Nc3 a6 6. Be3 e5 7. Nb3 Be6 8. f3 Be7 9. Qd2 0-0 10. 0-0-0 Nbd7 11. g4 b5 12. g5 b4 13. Ne2 Ne8 14. f4 a5 15. f5 a4 16. Nbd4 exd4 17. Nxd4 b3 18. Kb1 bxc2+ 19. Nxc2 Bb3 20. axb3 axb3 21. Na3 Ne5 22. Qg2 Qb8 23. Bf4 Ra4 24. h4 Qa8 25. Rh3 Qxe4+ 26. Qxe4 Rxe4 27. Bd2 Nc7 28. Ba5 Bd8 29. Rxb3 Rxh4 30. Rxd6 Rh1 31. Rd1 Nd5 32. Bxd8 Rxd8 33. Rxd5 Rxf1+ 34. Ka2 Nc6 35. Rxd8+ Nxd8 36. Rd3 Nc6 37. Rd6 Rc1 38. Nb5 h5 39. gxh6 Rc5 40. Nc3 gxh6 41. Rxh6 Kg7 42. Rd6 Ne5 43. Kb3 Nc4 44. Rd1 Nxb2 45. Rg1+ 1/2-1/2

[Event "FICGS W-ch KO final email"]
[Site "FICGS email"]
[Date "2012.11.01"]
[Round "6"]
[White "Mueller, Robert"]
[Black "Van Assche, Jeroen"]
[Result "1/2-1/2"]
[WhiteElo "2467"]
[BlackElo "2517"]
[PlyCount "43"]
[EventDate "2012.??.??"]
[EventType "match (corr)"]
[EventRounds "3"]
[SourceTitle "Corr 2022"]
[Source "ChessBase"]
[SourceDate "2021.10.24"]
[SourceVersion "1"]
[SourceVersionDate "2021.10.24"]
[SourceQuality "1"]

1. e4 e5 2. Nf3 Nc6 3. Bb5 a6 4. Ba4 Nf6 5. 0-0 Be7 6. Re1 b5 7. Bb3 d6 8. c3 0-0 9. h3 Bb7 10. d4 Re8 11. Nbd2 Bf8 12. a4 h6 13. Bc2 exd4 14. cxd4 Nb4 15. Bb1 c5 16. d5 Nd7 17. Nf1 f5 18. exf5 Nxd5 19. Re6 N7f6 20. Rxe8 Qxe8 21. Nh4 Nb6 22. axb5 1/2-1/2

[Event "FICGS W-ch KO final email"]
[Site "FICGS email"]
[Date "2012.11.01"]
[Round "3"]
[White "Van Assche, Jeroen"]
[Black "Mueller, Robert"]
[Result "1/2-1/2"]
[WhiteElo "2517"]
[BlackElo "2467"]
[PlyCount "63"]
[EventDate "2012.??.??"]
[EventType "match (corr)"]
[EventRounds "3"]
[SourceTitle "Corr 2022"]
[Source "ChessBase"]
[SourceDate "2021.10.24"]
[SourceVersion "1"]
[SourceVersionDate "2021.10.24"]
[SourceQuality "1"]

1. e4 e6 2. d4 d5 3. Nc3 Nf6 4. e5 Nfd7 5. f4 c5 6. Nf3 Nc6 7. Be3 a6 8. Qd2 cxd4 9. Nxd4 Bc5 10. 0-0-0 0-0 11. Nb3 Bb4 12. Bd3 b5 13. g4 Nb6 14. Qf2 Nc4 15. Ne4 Be7 16. Bc5 Bxc5 17. Nbxc5 Qe7 18. Ng5 f5 19. gxf5 N4xe5 20. Rhg1 Nxd3+ 21. Rxd3 Rxf5 22. Rdg3 Ra7 23. Ngxe6 g6 24. Re1 Qf6 25. Rge3 Re7 26. Qf3 Na5 27. c3 Nc4 28. R3e2 Qh4 29. a3 Nd6 30. Qd3 Bxe6 31. Nxe6 Rb7 32. Qg3 1/2-1/2